Európsky štandard Wagner v Brne

Podrobná bibliografia
Hlavný autor: Blahynka, Miloslav, 1961-2011 (Autor)
Médium: Článok
Jazyk:slovenčina
Fyzický popis:Fotogr. 2
Predmet:

MARC

LEADER 00000nab a2200000 a 4500
001 vtls000489434
003 SK-MaSNL
005 20260303210237.0
008 160202c1993 xo 0 slo
015 |a SNBRB19rr/mm-uuuuu 
035 |a CL0489572 
040 |a SNKBUCL  |b slo  |c SNKBUCL  |e AACR2 
041 0 |a slo 
044 |a xo  |c SK 
080 |a 792.5  |2 1981 
100 1 |a Blahynka, Miloslav,  |d 1961-2011  |4 aut  |9 102187 
245 1 0 |a Európsky štandard  |b Wagner v Brne  |c Miloslav Blahynka 
300 |b Fotogr. 2 
600 1 7 |a Wagner, Richard,  |d 1813-1883  |t Blúdiaci Holanďan  |2 snkbucl  |9 103611 
610 2 7 |a Národní divadlo Brno  |2 snkbucl  |9 170222 
650 0 7 |a opery  |2 snkbucl  |9 3214 
655 7 |a články z novín a časopisov  |2 snkbucl  |9 267496 
655 7 |a recenzie  |2 nkbucl  |9 21907 
773 0 |t Literárny týždenník  |g Roč. 6, č. 14 (1993), s. 15 
850 |a Slovenská národná knižnica v Martine  |a MTA001 
852 |a SNK  |b KIS3GCP 
958 |a RK 
958 |a CZ 
958 |a DE 
999 |c 2199418  |d 2201348